Five Biggest Islands by Continent - Statistics

General Stats
  • This quiz has been taken 4,254 times
    4,108 since last reset
  • The average score is 13 of 29
Answer Stats
Continent Island % Correct
Africa Madagascar
94%
Europe Iceland
82%
Europe Ireland
81%
Oceania Australia
78%
Europe Great Britain
72%
Asia Borneo
68%
North America Greenland
68%
Oceania North Island
68%
Europe Severny Island
68%
Oceania South Island
68%
Asia / Oceania New Guinea
63%
Asia Honshu
60%
Asia Sumatra
60%
North America Baffin Island
55%
Africa Mauritius
52%
Oceania Tasmania
38%
Asia Sulawesi
36%
North America Victoria Island
36%
North America Ellesmere Island
34%
North America Newfoundland
33%
Africa Zanzibar
23%
South America Isla Grande TDF
19%
Europe Spitsbergen
8%
South America Marajó
6%
Africa Bioko Island
5%
South America Chiloé
4%
South America Bananal
2%
Africa Morfil Island
1%
South America Tupinambarana
1%
No matching quizzes found
Score Distribution
Percent of People with Each Score
Percentile by Number Answered
Your Score History
You have not taken this quiz since the last reset